000 00458nam a2200181Ia 4500
003 GCL
008 140319s9999 xx 000 0 eng d
040 _aGCL /
_cGCL
082 0 4 _a152.3
_bG U
100 1 _aGALLAHUE, DAVID
245 1 0 _aUNDERSTANDING MOTOR DEPELOPMENT /
_cGALLAHUE, DAVID
700 1 _aOZMUN, FOHNC
260 _a[S.N] :
_bBROWN & BENCHMARK ،
_c1995
300 _a570
650 0 4 _aCHILDHOOD
650 0 4 _aMONUMENTS
942 _2ddc
_cBK
999 _c11050
_d11050